书目信息 |
| 题名: |
工伤预防实务指南
|
|
| 作者: | 揭赣元 主编 ;江西省人力资源和社会保障学会 编著 | |
| 分册: | ||
| 出版信息: | 北京 中国劳动社会保障出版社 2019.05 |
|
| 页数: | 272页 | |
| 开本: | 24cm | |
| 丛书名: | ||
| 单 册: | ||
| 中图分类: | X928.03-62 | |
| 科图分类: | ||
| 主题词: | 工伤事故--gong shang shi gu--事故预防--指南 | |
| 电子资源: | ||
| ISBN: | 978-7-5167-3970-9 | |
| 000 | 01107nam0 2200241 450 | |
| 001 | 0100009979 | |
| 005 | 20190905093950.0 | |
| 010 | @a978-7-5167-3970-9@dCNY45.00 | |
| 100 | @a20190831d2019 em y0chiy50 ea | |
| 101 | 0 | @achi |
| 102 | @aCN@b110000 | |
| 105 | @ak z 000yy | |
| 106 | @ar | |
| 200 | 1 | @a工伤预防实务指南@Agong shang yu fang shi wu zhi nan@f江西省人力资源和社会保障学会编著@g主编揭赣元 |
| 210 | @a北京@c中国劳动社会保障出版社@d2019.05 | |
| 215 | @a272页@d24cm | |
| 330 | @a本书重点为工伤预防工作实务性指导, 以工伤预防试点实例等, 介绍用人单位推进工伤预防工作的方法, 特别是单位领导成员、中层负责人及职工个人的工伤预防职责, 从专业管理的角度论述了人力资源社会保障部门推进工伤预防的主要工作内容, 以帮助相关人员加快进入“角色”, 实务性地指导他们顺利完成工作目标并收到良好效果。 | |
| 606 | 0 | @a工伤事故@Agong shang shi gu@x事故预防@j指南 |
| 690 | @aX928.03-62@v5 | |
| 701 | 0 | @a揭赣元@Ajie gan yuan@4主编 |
| 712 | 02 | @a江西省人力资源和社会保障学会@Ajiang xi sheng ren li zi yuan he she hui bao zhang xue hui@4编著 |
| 801 | 0 | @aCN@c20190905 |
| 905 | @a河南城建学院图书馆@dX928.03-62@eJ694 | |
| 工伤预防实务指南/江西省人力资源和社会保障学会编著/主编揭赣元.-北京:中国劳动社会保障出版社,2019.05 |
| 272页;24cm |
| ISBN 978-7-5167-3970-9:CNY45.00 |
| 本书重点为工伤预防工作实务性指导, 以工伤预防试点实例等, 介绍用人单位推进工伤预防工作的方法, 特别是单位领导成员、中层负责人及职工个人的工伤预防职责, 从专业管理的角度论述了人力资源社会保障部门推进工伤预防的主要工作内容, 以帮助相关人员加快进入“角色”, 实务性地指导他们顺利完成工作目标并收到良好效果。 |
| ● |
| 相关链接 |
|
|
|
正题名:工伤预防实务指南
索取号:X928.03-62/J694
 
预约/预借
| 序号 | 登录号 | 条形码 | 馆藏地/架位号 | 状态 | 备注 |
| 1 | 1437326 | 214373266 | 市政与环境工程学院资料室/501自科库 120排2列3层/ [索取号:X928.03-62/J694] | 在馆 | |
| 2 | 1437327 | 214373275 | 自科库501/501自科库 120排2列3层/ [索取号:X928.03-62/J694] | 在馆 |